| 000 | 01118nam a22002297a 4500 | ||
|---|---|---|---|
| 999 |
_c62125 _d62125 |
||
| 003 | Ge_BSU | ||
| 005 | 20240717140923.0 | ||
| 008 | 240717s2023 ge ||||| |||| 00| 0 geo d | ||
| 020 | _a9789941316920 | ||
| 041 | _ageo | ||
| 080 | _a32(470)+94(470)პ-14 | ||
| 100 |
_aპაიპსი, რიჩარდ. _eავტორი _922855 |
||
| 245 |
_aკომუნიზმი : _bისტორია / _cრიჩარდ პაიპსი,ინგლ.თარგმნ. ლევან ღამბაშიძემ, რედ: ნატო გორდელაძე, მარიამ ხადური |
||
| 264 |
_aთბილისი: _bინტელექტი, _c2023. |
||
| 300 |
_a258 გვ:. _b19 სმ. |
||
| 653 | _aპოლიტიკა | ||
| 653 | _aისტორია | ||
| 700 |
_a ღამბაშიძე, ლევან _eმთარგმნელი _922856 |
||
| 700 |
_aგორდელაძე, ნატო _eრედაქტორი _922857 |
||
| 700 |
_aხადური, მარიამ _eრედაქტორი _922858 |
||
| 942 |
_2udc _cBK |
||